Statistics for Pokemon that start with A

Click here to take the quiz!

General Stats

  • This quiz has been taken 1,136 times
    (717 since last reset)
  • The average score is 19 of 34

Answer Stats

Gen Answer % Correct
IAbra
87%
IAlakazam
80%
IArticuno
73%
IIAipom
72%
IAerodactyl
68%
IArcanine
66%
IIIAron
66%
IVAmbipom
65%
IArbok
63%
IIIAggron
63%
IVAbomasnow
62%
IVArceus
61%
IIAzumarill
61%
IIAriados
60%
IIIAbsol
59%
IIAmpharos
59%
IIIArmaldo
58%
IIIAzurill
58%
IIIAnorith
56%
IVAzelf
56%
IIIAltaria
52%
VAxew
51%
VArcheops
51%
VAccelgor
50%
VAlomomola
49%
VArchen
49%
VIAmaura
48%
VIAurorus
47%
VIAegislash
43%
VAudino
41%
VIAvalugg
41%
VAmoonguss
37%
VIAromatisse
36%
VIIAraquanid
33%

Score Distribution

Percentile by Number Answered

Percent of People with Each Score

Your Score History

You have not taken this quiz since the last reset